Normal view
MARC view
Entry Personal Name
001 - CONTROL NUMBER
- control field: 15181
003 - CONTROL NUMBER IDENTIFIER
- control field: BD-RjUL
005 - DATE AND TIME OF LATEST TRANSACTION
- control field: 20250312124638.0
008 - FIXED-LENGTH DATA ELEMENTS
- fixed length control field: 250312|| aca||aabn | a|a d
040 ## - CATALOGING SOURCE
- Original cataloging agency: BD-RjUL
- Transcribing agency: BD-RjUL
100 ## - HEADING--PERSONAL NAME
- Personal name: Anderson, Kenneth,
- Dates associated with a name: 1910-
670 ## - SOURCE DATA FOUND
- Source citation: Work cat.: (BD-RjUL)84774: Anderson, Kenneth, 1910-, The tiger roars /, c1967